000 01136nam a2200205Ii 4500
003 JO-AjNU
008 230605s9999||||xx |||||||||||||| ||und||
040 _aJO-AjNU
_bara
_erda
_cJO-AjNU
041 _aara
050 1 4 _aGN357.M34 2003
100 3 _aأعمال المؤتمر الثقافي العربي الثامن 12و13و14 كانون الاول /ديسمبر 2002,
_eauthor
_950096
245 0 0 _aدور المثقفين في الوطن العربي وديار الانتشار في نهضة بلدانهم ودعم القضايا العربية =The role educators in the arab world and overseas towards A renaissance in their countries and in support of arab issues
250 _aط1
264 3 1 _aبيروت: المجمع الثقافي العربي، دار الجيل، 2003
300 _a246ص
_bأعمال المؤتمر الثقافي العربي الثامن 12و13و14 كانون الاول /ديسمبر 2002، صور توضيحية
336 _atext
_btxt
_2rdacontent
337 _aunmediated
_bn
_2rdamedia
338 _avolume
_bnc
_2rdacarrier
650 4 _aالقضايا العربية-الثقافة
_950097
999 _aA22045
_c25613
_d25613